00342nam a2200097Ia 45000010005000000080041000050820024000461000088000702450062001582600024002202906241024s9999 xx 000 0 und d aRD/371.2/R426p/2013 aMinisterio de Estado de Educación. Dirección General de Supervisión Educativa 0aProtocolos e instrumentos para la supervisión educativa bSanto Domingoc2013